000 00622cam a22002053a 4500
001 39894
003 PGUSA
005 20140828083905.0
008 120601s2012||||xxu|||||s|||||000 | eng d
040 _aPGUSA
_beng
042 _adc
100 1 _aKenrick, John
245 1 0 _aRoman Sepulchral Inscriptions :
_bTheir Relation to Archæology, Language, and Religion
_h[electronic resource] /
_cJohn Kenrick
260 _bProject Gutenberg,
_c2012
506 _aPublic domain in the USA.
516 _aElectronic text
830 0 _aProject Gutenberg
_v39894
856 4 0 _uhttp://www.gutenberg.org/ebooks/39894
942 _cEB
999 _c269147
_d269147